| 000 | 00362nam a2200133Ia 4500 | ||
|---|---|---|---|
| 008 | 130318s9999 xx 000 0 und d | ||
| 020 | _a8173665664 | ||
| 082 | _a005.18 CAT/D | ||
| 100 | _aCatsoulis, John | ||
| 245 | _aDesigning embedded hardware | ||
| 260 |
_bOreilly/Shroff Publishers and Distributors _aMumbai _c2002 |
||
| 300 | _a298 | ||
| 650 | _aEMBEDDED SYSTEMS | ||
| 999 |
_c600 _d600 |
||